Sports Quiz

Random Sports or MLB Quiz

MLB - Hall of Famers to play for Hall of Famers Part 2 Quiz Stats

Quiz not verified by Sporcle

Score 0/262 Timer 20:00
0 Plays Today
Answer % Correct
Sandy Koufax
96.9%
Tony Perez
96.4%
Frank Robinson
96%
Jackie Robinson
96%
Jackie Robinson
96%
Don Drysdale
95.6%
Johnny Bench
93.8%
Greg Maddux
93.3%
Joe Morgan
92.9%
Tom Glavine
92.4%
John Smoltz
92.4%
Jack Morris
92%
Duke Snider
90.2%
Duke Snider
90.2%
Joe Tinker
88.4%
Hank Aaron
88.4%
Mel Ott
87.6%
Mel Ott
87.6%
Honus Wagner
87.6%
Pee Wee Reese
87.1%
Roy Campanella
87.1%
Roy Campanella
87.1%
Pee Wee Reese
87.1%
Lloyd Waner
86.7%
Paul Waner
86.7%
Lloyd Waner
86.7%
Lloyd Waner
86.7%
Paul Waner
86.7%
Lloyd Waner
86.7%
Paul Waner
86.7%
Paul Waner
86.7%
Don Sutton
85.8%
Don Sutton
85.8%
Willie Mays
85.3%
Christy Mathewson
85.3%
Christy Mathewson
85.3%
Christy Mathewson
85.3%
Frank Chance
84.9%
Johnny Evers
84.4%
Alan Trammell
84%
Rogers Hornsby
83.6%
Dick Williams
83.6%
Rogers Hornsby
83.6%
Billy Williams
83.6%
Pie Traynor
83.1%
Stan Musial
83.1%
Dizzy Dean
82.2%
Dizzy Dean
82.2%
Bob Gibson
81.8%
Bill Terry
81.3%
Frankie Frisch
80.9%
Frankie Frisch
80.9%
Frankie Frisch
80.9%
Ernie Banks
80.4%
Burleigh Grimes
78.7%
Burleigh Grimes
78.7%
Barry Larkin
78.7%
Burleigh Grimes
78.7%
Burleigh Grimes
78.7%
Lou Brock
78.7%
Burleigh Grimes
78.7%
Burleigh Grimes
78.7%
High Pockets Kelly
78.2%
King Kelly
78.2%
High Pockets Kelly
78.2%
High Pockets Kelly
78.2%
King Kelly
78.2%
King Kelly
78.2%
Cap Anson
77.3%
George Davis
76.4%
George Davis
76.4%
George Davis
76.4%
George Davis
76.4%
Max Carey
76%
Tom Seaver
76%
Max Carey
76%
Max Carey
76%
Max Carey
76%
Rabbit Maranville
75.6%
Rabbit Maranville
75.6%
Orlando Cepeda
75.1%
Orlando Cepeda
75.1%
Phil Niekro
74.2%
Phil Niekro
74.2%
Mordecai Brown
73.8%
Mordecai Brown
73.8%
Joe Medwick
72.9%
Joe Medwick
72.9%
Answer % Correct
Joe Medwick
72.9%
Joe Medwick
72.9%
Gabby Hartnett
72.4%
Travis Jackson
72.4%
Travis Jackson
72.4%
Hack Wilson
72.4%
Hack Wilson
72.4%
Ron Santo
72.4%
Gabby Hartnett
72.4%
Kid Nichols
72.4%
Johnny Mize
72%
Johnny Mize
72%
Joe Kelley
72%
Joe Kelley
72%
Johnny Mize
72%
Johnny Mize
72%
Joe Kelley
72%
Enos Slaughter
71.1%
Enos Slaughter
71.1%
Warren Spahn
71.1%
Buck Ewing
70.2%
Roger Bresnahan
69.8%
Roger Bresnahan
69.8%
Dave Bancroft
69.3%
Dave Bancroft
69.3%
Zack Wheat
68.4%
Bid McPhee
68%
Bid McPhee
68%
Carl Hubbell
67.6%
Carl Hubbell
67.6%
Carl Hubbell
67.6%
Red Schoendienst
67.6%
Ralph Kiner
67.1%
Leo Durocher
66.7%
Leo Durocher
66.7%
Fergie Jenkins
65.8%
Dazzy Vance
62.7%
Dazzy Vance
62.7%
Dazzy Vance
62.7%
Dazzy Vance
62.7%
Tom Lasorda
62.2%
Ozzie Smith
62.2%
Pete Alexander
61.8%
Pete Alexander
61.8%
Pete Alexander
61.8%
Pete Alexander
61.8%
Arky Vaughan
61.3%
Arky Vaughan
61.3%
Arky Vaughan
61.3%
Mike Piazza
60.9%
Juan Marichal
60.9%
Joe Torre
60.4%
Billy Herman
60%
Billy Herman
60%
Billy Herman
60%
Babe Ruth
59.1%
Hoyt Wilhelm
58.7%
Hoyt Wilhelm
58.7%
Steve Carlton
58.2%
George Wright
58.2%
Ernie Lombardi
56.9%
Ernie Lombardi
56.9%
Ernie Lombardi
56.9%
Ernie Lombardi
56.9%
Jimmy Collins
56%
Billy Southworth
54.7%
Billy Southworth
54.7%
Al Simmons
53.8%
Walter Alston
53.8%
Gaylord Perry
53.8%
Kiki Cuyler
52.4%
Kiki Cuyler
52.4%
Kiki Cuyler
52.4%
Ed Delahanty
52.4%
Jim Bottomley
51.1%
Jim Bottomley
51.1%
Pud Galvin
50.2%
Robin Roberts
50.2%
Bill McKechnie
49.8%
Bill McKechnie
49.8%
Bill McKechnie
49.8%
Billy Hamilton
49.8%
Billy Hamilton
49.8%
Chuck Klein
48.4%
Willie Keeler
48%
Willie Keeler
48%
Eddie Murray
48%
Willie Keeler
48%
Answer % Correct
Edd Roush
47.6%
Edd Roush
47.6%
Rube Waddell
47.1%
Sam Thompson
47.1%
Joe McGinnity
45.8%
Dan Brouthers
45.8%
Joe McGinnity
45.8%
Dan Brouthers
45.8%
Old Hoss Radbourn
44.9%
Jim Bunning
44.4%
Jesse Haines
44.4%
Jesse Haines
44.4%
Jesse Haines
44.4%
Jesse Haines
44.4%
Jake Beckley
44%
Jake Beckley
44%
Jake Beckley
44%
Jake Beckley
44%
Jake Beckley
44%
Tim Keefe
44%
Monte Irvin
43.6%
Waite Hoyt
43.6%
Waite Hoyt
43.6%
Waite Hoyt
43.6%
Waite Hoyt
43.6%
Waite Hoyt
43.6%
George Sisler
43.6%
Sam Crawford
43.1%
Sam Crawford
43.1%
Sam Crawford
43.1%
Ross Youngs
42.7%
Casey Stengel
42.2%
Rube Marquard
42.2%
Roger Connor
42.2%
Pedro Martinez
42.2%
Rube Marquard
42.2%
Casey Stengel
42.2%
Hughie Jennings
42.2%
John Clarkson
42.2%
Rube Marquard
42.2%
Casey Stengel
42.2%
John Clarkson
42.2%
Roger Connor
42.2%
Freddie Lindstrom
41.3%
Freddie Lindstrom
41.3%
Freddie Lindstrom
41.3%
Gary Carter
40.9%
Hugh Duffy
40.9%
Hugh Duffy
40.9%
Chick Hafey
39.6%
Deacon White
39.6%
Chick Hafey
39.6%
Chick Hafey
39.6%
Deacon White
39.6%
Deacon White
39.6%
Amos Rusie
39.1%
Amos Rusie
39.1%
Amos Rusie
39.1%
Amos Rusie
39.1%
Heinie Manush
38.2%
Heinie Manush
38.2%
Mickey Welch
37.3%
Vic Willis
36.9%
Vic Willis
36.9%
Tommy McCarthy
36.9%
Vic Willis
36.9%
Tommy McCarthy
36.9%
Tommy McCarthy
36.9%
Joe Cronin
36.4%
Jack Chesbro
36%
Ray Schalk
35.6%
Tony Lazzeri
33.3%
Jim O'Rourke
33.3%
Tony Lazzeri
33.3%
Tony Lazzeri
33.3%
Jim O'Rourke
33.3%
Al Lopez
28%
Al Lopez
28%
Al Lopez
28%
Al Lopez
28%
Miller Huggins
23.1%
Miller Huggins
23.1%
Miller Huggins
23.1%
Connie Mack
22.7%
Clark Griffith
16.9%
Clark Griffith
16.9%

You're not logged in!

Compare scores with friends on all Sporcle quizzes.
Sign Up with Email
OR
Log In

You Might Also Like...

Show Comments

Extras

Top Quizzes Today


Score Distribution

Your Account Isn't Verified!

In order to create a playlist on Sporcle, you need to verify the email address you used during registration. Go to your Sporcle Settings to finish the process.